Every Song by Thin Lizzy - Statistics

General Stats
  • This quiz has been taken 46 times
  • The average score is 45 of 139
Answer Stats
Album Song % Correct
Jailbreak(1976) Jailbreak
95%
Jailbreak(1976) The Boys Are Back in Town
91%
Bad Reputation(1977) Bad Reputation
86%
Black Rose: A Rock Legend(1979) III. Danny Boy
77%
Black Rose: A Rock Legend(1979) II. Will You Go Lassie Go
77%
Black Rose: A Rock Legend(1979) I. Shenandoah
77%
Black Rose: A Rock Legend(1979) IV. The Mason's Apron
77%
Chinatown(1980) Chinatown
73%
Jailbreak(1976) Emerald
73%
Johnny the Fox(1976) Johnny
73%
Nightlife(1974) Still in Love with You
73%
Black Rose: A Rock Legend(1979) Black Rose
68%
Bad Reputation(1977) Dancing in the Moonlight (It's Caught Me in Its Spotlight)
68%
Thunder and Lightning(1983) Thunder and Lightning
68%
Renegade(1981) Renegade
64%
Johnny the Fox(1976) Massacre
59%
Bad Reputation(1977) Opium Trail
59%
Black Rose: A Rock Legend(1979) | Shades of a Blue Orphanage(1972) Sarah
59%
Thunder and Lightning(1983) The Holy War
59%
Renegade(1981) Angel of Death
55%
Thunder and Lightning(1983) Cold Sweat
55%
Johnny the Fox(1976) Johnny the Fox Meets Jimmy the Weed
55%
Chinatown(1980) Killer on the Loose
55%
Jailbreak(1976) Romeo and the Lonely Girl
55%
Shades of a Blue Orphanage(1972) Shades of a Blue Orphanage
55%
Fighting(1975) Suicide
55%
Vagabonds of the Western World(1973) The Rocker
55%
Fighting(1975) Wild One
55%
Johnny the Fox(1976) Borderline
50%
Jailbreak(1976) Cowboy Song
50%
Black Rose: A Rock Legend(1979) Do Anything You Want To
50%
Johnny the Fox(1976) Don't Believe a Word
50%
Chinatown(1980) Genocide (The Killing of the Buffalo)
50%
Bad Reputation(1977) Southbound
50%
Thunder and Lightning(1983) The Sun Goes Down
50%
Johnny the Fox(1976) Boogie Woogie Dance
45%
Renegade(1981) Fats
45%
Fighting(1975) Fighting My Way Back
45%
Johnny the Fox(1976) Fools Gold
45%
Johnny the Fox(1976) Rocky
45%
Nightlife(1974) Sha-La-La
45%
Black Rose: A Rock Legend(1979) S & M
45%
Black Rose: A Rock Legend(1979) Toughest Street in Town
45%
Vagabonds of the Western World(1973) Vagabond of the Western World
45%
Black Rose: A Rock Legend(1979) Waiting for an Alibi
45%
Jailbreak(1976) Angel from the Coast
41%
Thin Lizzy(1971) Eire
41%
Black Rose: A Rock Legend(1979) Got to Give It Up
41%
Renegade(1981) Hollywood (Down on Your Luck)
41%
Nightlife(1974) It's Only Money
41%
Renegade(1981) Mexican Blood
41%
New Day(1971) Remembering, Pt. 2 (New Day)
41%
Jailbreak(1976) Running Back
41%
Bad Reputation(1977) Soldier of Fortune
41%
Jailbreak(1976) Warriors
41%
Thunder and Lightning(1983) Baby Please Don’t Go
36%
New Day(1971) Dublin
36%
Thunder and Lightning(1983) Heart Attack
36%
Bad Reputation(1977) Killer Without a Cause
36%
Renegade(1981) Leave This Town
36%
Nightlife(1974) Philomena
36%
Vagabonds of the Western World(1973) Slow Blues
36%
Thin Lizzy(1971) The Friendly Ranger at Clontarf Castle
36%
Vagabonds of the Western World(1973) The Hero and the Madman
36%
Renegade(1981) The Pressure Will Blow
36%
Bad Reputation(1977) Dear Lord
32%
Shades of a Blue Orphanage(Bonus)(1972) Black Boys on the Corner
32%
Chinatown(1980) Hey You
32%
Fighting(1975) King's Vengeance
32%
Thin Lizzy(1971) Remembering
32%
Fighting(1975) Spirit Slips Away
32%
Johnny the Fox(1976) Sweet Marie
32%
Chinatown(1980) We Will Be Strong
32%
Thunder and Lightning(1983) Bad Habits
27%
Jailbreak(1976) Fight or Fall
27%
Vagabonds of the Western World(1973) Mama Nature Said
27%
Johnny the Fox(1976) Old Flame
27%
Thin Lizzy(1971) Ray-Gun
27%
Chinatown(1980) Sugar Blues
27%
Bad Reputation(1977) That Woman's Gonna Break Your Heart
27%
Thunder and Lightning(1983) This Is the One
27%
Fighting(1975) Ballad of a Hard Man
23%
Shades of a Blue Orphanage(1972) Call the Police
23%
Chinatown(1980) Didn't I
23%
Nightlife(1974) Frankie Carroll
23%
Vagabonds of the Western World(1973) Little Girl in Bloom
23%
Thin Lizzy(1971) Diddy Levine
18%
Fighting(1975) For Those Who Love to Live
18%
Bad Reputation(1977) Downtown Sundown
18%
Fighting(1975) Freedom Song
18%
Black Rose: A Rock Legend(1979) Get Out of Here
18%
Renegade(1981) It's Getting Dangerous
18%
Renegade(1981) No One Told Him
18%
Nightlife(1974) She Knows
18%
Fighting(1975) Silver Dollar
18%
Thunder and Lightning(1983) Someday She Is Going to Hit Back
18%
Chinatown(1980) Sweetheart
18%
Shades of a Blue Orphanage(1972) The Rise and Dear Demise of the Funky Nomadic Tribes
18%
Black Rose: A Rock Legend(1979) With Love
18%
Killers Live(1981) Are You Ready
14%
Nightlife(1974) Banshee
14%
Shades of a Blue Orphanage(1972) Buffalo Gal
14%
Chinatown(1980) Having a Good Time
14%
Thin Lizzy(1971) Honesty Is No Excuse
14%
Nightlife(1974) Showdown
14%
New Day(1971) Things Ain't Workin' Out Down at the Farm
14%
Vagabonds of the Western World(1973) A Song for While I'm Away
9%
Shades of a Blue Orphanage(1972) Baby Face
9%
Shades of a Blue Orphanage(1972) Brought Down
9%
Shades of a Blue Orphanage(1972) Chatting Today
9%
Nightlife(1974) Dear Heart
9%
Non-Album(1991) Dedication
9%
Vagabonds of the Western World(1973) Gonna Creep Up on You
9%
Thin Lizzy(1971) Clifton Grange Hotel
5%
Vagabonds of the Western World(Bonus)(1991) Randolph's Tango
5%
Shades of a Blue Orphanage(1972) I Don't Want to Forget How to Jive
5%
Black Rose: A Rock Legend(1979) Just the Two of Us
5%
Thin Lizzy(1971) Look What the Wind Blew In
5%
Renegade(Bonus)(2013) Memory Pain
5%
Thin Lizzy(1971) Return of the Farmer's Son
5%
Renegade(Bonus)(2013) Trouble Boys
5%
Black Rose: A Rock Legend(1979) A Night in the Life of a Blues Singer
0%
Thin Lizzy Live at Sydney Harbour '78(1988) Baby Drives Me Crazy
0%
Fighting(Bonus)(2012) Blues Boy
0%
Vagabonds of the Western World(Bonus)(1991) Broken Dreams
0%
Black Rose: A Rock Legend(1979) Cold Black Night
0%
Killers Live(1981) Dear Miss Lonely Hearts
0%
Johnny the Fox(Bonus)(2010) Scott's Tune
0%
Fighting(Bonus)(2012) Song for Jesse
0%
Chinatown(Bonus)(2011) Don't Play Around
0%
Fighting(Bonus)(2012) Half Caste
0%
Fighting(Bonus)(2012) Leaving Town
0%
Bad Reputation(Bonus)(2011) Me and the Boys
0%
Thin Lizzy Live at Sydney Harbour '78(1988) Me and the Boys Were Wondering How You and the Girls Are Getting Home Tonight
0%
New Day(1971) Old Moon Madness
0%
Black Rose: A Rock Legend(1979) Rockula (Rock Your Love)
0%
Thin Lizzy(1971) Saga of the Ageing Orphan
0%
Fighting(Bonus)(2012) Try a Little Harder
0%
No matching quizzes found
Score Distribution
Percent of People with Each Score
Percentile by Number Answered
Your Score History
You have not taken this quiz